000 00317 a2200109 4500
001 68590
040 _cAnchieta - Itaigara
240 1 0 _aAniversário 25 Anos Colégio Anchieta
_l
245 1 0 _aAniversário 25 Anos Colégio Anchieta
650 4 _aDocumentários, mídia educacional, jornalismo e publicidade
942 _cMX
999 _c68590
_d68590